[Event "Polfinaly Mistrzostw Polski Juniorow 2023 C-13"]
[Site "Jastrzebia Gora"]
[Date "1899-12-30"]
[Round "7.6"]
[White "Dobrowolski, Kamil"]
[Black "Golab, Antoni"]
[Result "1-0"]
[WhiteTitle "II+"]
[BlackTitle "II"]
[WhiteElo "1628"]
[BlackElo "1339"]

1. e4 c5 2. Ne2 Nc6 3. d4 cxd4 4. Nxd4 g6 5. Nc3 Bg7 6. Be3 d6 7. Qd2 Nf6 8. f3
O-O 9. Nb3 Be6 10. O-O-O Bxb3 11. cxb3 Rc8 12. Kb1 a5 13. Be2 Ne5 14. g4 b5 15.
Nxb5 Ned7 16. h4 Nc5 17. h5 a4 18. b4 Ne6 19. hxg6 fxg6 20. Rc1 Qd7 21. Rxc8 Rxc8
22. Rc1 Rb8 23. Nd4 Nxd4 24. Bxd4 Qb7 25. Bc3 Qb6 26. b5 Kh8 27. Bd4 Qb7 28. b6
Ne8 29. Be3 Ra8 30. Bb5 a3 31. Bc6 Qa6 32. Bxa8 axb2 33. Rd1 Qxa8 34. Bd4 Qb7
35. Bxg7+ Kxg7 36. Qxb2+ e5 37. Qb5 Kf7 38. Qd5+ Qxd5 39. Rxd5 Nf6 40. b7 Nd7
41. Rxd6 Nb8 42. Rd8 Na6 43. Ra8 Nc7 44. b8=Q Nxa8 45. Qxa8 h5 46. gxh5 Kg7 47.
hxg6 Kf6 48. Qc6+ Ke7 49. Kc2 Kd8 50. Qb7 Ke8 51. g7 Kd8 52. g8=Q# 1-0

[Event "Polfinaly Mistrzostw Polski Juniorow 2023 C-13"]
[Site "Jastrzebia Gora"]
[Date "1899-12-30"]
[Round "7.7"]
[White "Szymczyk, Jan"]
[Black "Kaszuba, Michal"]
[Result "0-1"]
[WhiteTitle "II"]
[BlackTitle "II+"]
[WhiteElo "1201"]
[BlackElo "1536"]

1. e4 c5 2. Nf3 g6 3. d4 cxd4 4. Nxd4 Nc6 5. c4 Nf6 6. Nc3 d6 7. Be2 Nxd4 8. Qxd4
Bg7 9. Be3 O-O 10. Qd1 a5 11. O-O a4 12. Nxa4 Nxe4 13. Nb6 Rb8 14. Bf3 Nc5 15.
Nxc8 Qxc8 16. Rb1 Qe6 17. Bd5 Qf6 18. Qf3 Qxf3 19. Bxf3 Nd3 20. b3 Nb4 21. a4
Rfd8 22. Bb6 Rd7 23. Rbd1 Nc6 24. g3 Ra8 25. Bg2 Ra6 26. Be3 Nb4 27. h4 Nc2 28.
Rd3 Nxe3 29. Rxe3 b6 30. Rfe1 Kf8 31. Bc6 Rc7 32. Bb5 Ra8 33. Rd1 Rd8 34. Red3
Ra8 35. Kg2 Bf6 36. f4 h6 37. Kf3 Kg7 38. Rg1 Rh8 39. Rd2 Bc3 40. Rdd1 Rd8 41.
Rd3 Bb4 42. Rgd1 Rc5 43. Rd5 Rdc8 44. Rxc5 Rxc5 45. Rd5 e6 46. Rxc5 dxc5 47. Bc6
Kf6 48. g4 h5 49. g5+ Ke7 50. Ke2 Bc3 51. Bf3 Kd7 52. Bg2 Kd6 53. Be4 Bb4 54.
Kd1 Bc3 55. Ke2 Bb2 56. Kd2 Ba3 57. Bb7 Bb4+ 58. Ke2 Bc3 59. Ba8 e5 60. fxe5+
Kxe5 61. Bd5 f6 62. gxf6 Kxf6 63. Be4 g5 64. hxg5+ Kxg5 65. Kf3 h4 66. Kg2 Kf4
67. Bc6 Kg4 68. Kh2 Be5+ 69. Kg2 h3+ 70. Kh1 Kg3 71. Bd7 Bd4 72. Bxh3 Kxh3 0-1

[Event "Polfinaly Mistrzostw Polski Juniorow 2023 C-13"]
[Site "Jastrzebia Gora"]
[Date "1899-12-30"]
[Round "7.8"]
[White "Seemann, Adam"]
[Black "Kucinski, Jan"]
[Result "1-0"]
[WhiteTitle "II"]
[BlackTitle "II"]
[WhiteElo "1501"]
[BlackElo "1230"]

1. e4 e5 2. Nf3 Nc6 3. Bb5 a6 4. Ba4 b5 5. Bb3 Nf6 6. O-O Bc5 7. c3 d6 8. d4 exd4
9. cxd4 Bb6 10. Nc3 h6 11. h3 O-O 12. Re1 Re8 13. a4 b4 14. Nd5 Nxe4 15. Nxb6
cxb6 16. Bd5 1-0

[Event "Polfinaly Mistrzostw Polski Juniorow 2023 C-13"]
[Site "Jastrzebia Gora"]
[Date "1899-12-30"]
[Round "7.9"]
[White "Burszczan, Piotr"]
[Black "Goralski, Mateusz"]
[Result "1-0"]
[WhiteTitle "II"]
[BlackTitle "II"]
[WhiteElo "1316"]
[BlackElo "1354"]

1. d4 Nf6 2. c4 g6 3. g3 Bg7 4. Bg2 O-O 5. Nc3 d6 6. Nf3 Nc6 7. O-O Na5 8. b3 c5
9. e3 Rb8 10. Bb2 b6 11. Qc2 Bb7 12. Rad1 Nd7 13. Rfe1 Nc6 14. Ba1 Nf6 15. d5
Nb4 16. Qb1 Na6 17. e4 Nd7 18. Nb5 Ra8 19. Bxg7 Kxg7 20. Qb2+ Kg8 21. e5 Ndb8
22. Qd2 Nc7 23. Qh6 f6 24. Nxd6 exd6 25. exf6 Rxf6 26. Ng5 Qd7 27. Bh3 Qg7 28.
Qxg7+ Kxg7 29. Re7+ Kg8 30. Rxc7 Ba6 31. Be6+ Rf8 1-0

[Event "Polfinaly Mistrzostw Polski Juniorow 2023 C-13"]
[Site "Jastrzebia Gora"]
[Date "1899-12-30"]
[Round "7.10"]
[White "Malas, Maksymilian"]
[Black "Boguszewski, Kacper"]
[Result "0-1"]
[WhiteTitle "II"]
[BlackTitle "II"]
[WhiteElo "1283"]
[BlackElo "1211"]

1. e4 c5 2. Nf3 d6 3. c3 g6 4. d4 Nd7 5. Bb5 Bg7 6. Be3 b6 7. Bc4 Ngf6 8. O-O Bb7
9. e5 Bxf3 10. Qxf3 dxe5 11. dxe5 Nxe5 12. Bb5+ Nfd7 13. Qg3 a6 14. Be2 Qc7 15.
Bf4 O-O 16. Rd1 Rad8 17. Bxa6 Nb8 18. Be2 Rxd1+ 19. Bxd1 Rd8 20. Na3 Qd7 21. Be2
Nbc6 22. Kf1 Qf5 23. Nc4 Nxc4 24. Bxc4 Qc2 25. Qf3 Qxb2 26. Rc1 Ne5 27. Qe4 Nxc4
28. Qxc4 Bxc3 29. Bh6 Bd4 30. Rc2 Qb4 31. Qe2 e5 32. Qf3 Qb1+ 33. Rc1 Qf5 34.
Qc6 Qxf2# 0-1

[Event "Polfinaly Mistrzostw Polski Juniorow 2023 C-13"]
[Site "Jastrzebia Gora"]
[Date "1899-12-30"]
[Round "7.12"]
[White "Malecki, Patryk"]
[Black "Hlubek, Tymoteusz"]
[Result "1/2-1/2"]
[WhiteTitle "II"]
[BlackTitle "II+"]
[WhiteElo "1152"]
[BlackElo "1207"]

1. e4 c6 2. Nf3 d5 3. Nc3 Bg4 4. h3 Bxf3 5. Qxf3 e6 6. g3 Nd7 7. Bg2 Ngf6 8. O-O
Bb4 9. d4 Bxc3 10. Qxc3 dxe4 11. Qe3 O-O 12. Bxe4 Nxe4 13. Qxe4 Nf6 14. Qd3 Qd7
15. Bg5 Nd5 16. c4 Ne7 17. Bxe7 Qxe7 18. Rad1 Rad8 19. Rfe1 Qf6 20. Qe4 g6 21.
Qe5 Qxe5 22. dxe5 Rfe8 23. Kg2 Kf8 24. Kf3 Ke7 25. Ke4 Rxd1 26. Rxd1 Rd8 27. Rxd8
Kxd8 28. Kd4 Kc7 29. c5 b6 30. b4 b5 31. Ke4 Kd7 32. Kf4 h6 33. g4 g5+ 34. Ke4
Ke7 35. Kd4 Kf8 36. Ke4 Kg7 37. Kd4 Kg6 38. f3 h5 39. Ke4 hxg4 40. hxg4 a6 41.
a3 Kg7 42. Kd4 Kg6 43. Ke4 Kg7 44. Kd4 f5 45. Kd3 fxg4 46. fxg4 Kf7 47. Kd4 Kg8
48. Kc3 Kg7 49. Kd4 Kh8 50. Kc3 Kh7 51. Kd4 Kg6 52. Kc3 Kh6 53. Kd4 Kh7 54. Kc3
Kh8 55. Kd4 Kg8 56. Kc3 Kf8 57. Kd4 Ke8 58. Kc3 Kd8 59. Kd4 Kc8 60. Kc3 Kb7 61.
Kd4 Ka8 62. Ke3 Kb8 63. Ke4 Kc8 64. Kd4 Kd8 65. Ke4 Ke8 66. Kd4 Kf8 67. Ke3 Kg8
68. Kd2 Kh8 1/2-1/2

[Event "Polfinaly Mistrzostw Polski Juniorow 2023 C-13"]
[Site "Jastrzebia Gora"]
[Date "1899-12-30"]
[Round "7.13"]
[White "Wozniak, Bartosz"]
[Black "Michalczyk, Kajetan"]
[Result "1-0"]
[WhiteTitle "II"]
[BlackTitle "II"]
[WhiteElo "1121"]
[BlackElo "1168"]

1. e4 c5 2. Nf3 Nc6 3. d4 cxd4 4. Nxd4 g6 5. Nc3 Bg7 6. Be3 Nf6 7. Bc4 O-O 8. Bb3
d6 9. f3 Bd7 10. Qd2 Nxd4 11. Bxd4 b5 12. Nd5 Nxd5 13. Bxg7 Kxg7 14. Bxd5 Rc8
15. a3 Be6 16. Bxe6 fxe6 17. h4 Rc5 18. O-O-O Qc7 19. Kb1 a5 20. g4 Rxf3 21. Rdf1
Rxf1+ 22. Rxf1 Re5 23. Qf4 Qc8 24. Qf7+ Kh6 25. g5+ Kh5 26. Qf3+ Qd8 1-0

[Event "Polfinaly Mistrzostw Polski Juniorow 2023 C-13"]
[Site "Jastrzebia Gora"]
[Date "1899-12-30"]
[Round "7.14"]
[White "Raszkiewicz, Wiktor"]
[Black "Furlepa, Oskar"]
[Result "1-0"]
[WhiteTitle "II"]
[BlackTitle "II"]
[WhiteElo "1335"]
[BlackElo "1243"]

1. e4 c5 2. Nf3 e6 3. d4 cxd4 4. Nxd4 Nc6 5. Nc3 Qc7 6. Be3 a6 7. a3 Nf6 8. Qd2
b5 9. Nxc6 dxc6 10. f4 Bb7 11. e5 Nd5 12. Nxd5 cxd5 13. Rg1 Bc5 14. Bd3 Rc8 15.
O-O-O Rd8 16. g4 Kd7 17. Be2 Kc8 18. Bxc5 Qxc5 19. Qd4 Qxd4 20. Rxd4 Kd7 21. Rb4
Bc6 22. Rd1 Kc7 23. Rbd4 Ra8 24. Kd2 Rhb8 25. Rf1 Bd7 26. f5 Kc6 27. f6 Rg8 28.
fxg7 Rxg7 29. Rdf4 Rf8 30. h4 Be8 31. g5 Rh8 32. Rf6 Kc5 33. R1f4 Rhg8 34. Bh5
d4 35. Bxf7 Bxf7 36. Rxf7 Kd5 37. Kd3 Kxe5 38. Re4+ Kd5 39. Rxd4+ Ke5 40. Re4+
Kd5 41. Rd4+ Ke5 42. Rdd7 Rxf7 43. Rxf7 h6 44. gxh6 Rh8 45. h7 Rd8+ 46. Ke3 1-0

[Event "Polfinaly Mistrzostw Polski Juniorow 2023 C-13"]
[Site "Jastrzebia Gora"]
[Date "1899-12-30"]
[Round "7.17"]
[White "Smejda, Hubert"]
[Black "Baranowski, Jan"]
[Result "0-1"]
[WhiteTitle "III"]
[BlackTitle "II"]
[WhiteElo "1091"]
[BlackElo "1275"]

1. e4 c5 2. Nf3 Nc6 3. d4 cxd4 4. Nxd4 g6 5. Nc3 Bg7 6. Be3 Nf6 7. Bc4 O-O 8. Bb3
d6 9. f3 Bd7 10. Qd2 Nxd4 11. Bxd4 b5 12. O-O-O a5 13. Nd5 Nxd5 14. Bxg7 Kxg7
15. Bxd5 Rc8 16. e5 Bf5 17. Be4 Bxe4 18. fxe4 dxe5 19. Qd7 Qc7 20. Qxc7 Rxc7 21.
Rd5 Rfc8 22. Rxb5 Rxc2+ 23. Kb1 R8c5 24. Rxa5 Rxb2+ 25. Kxb2 Rxa5 26. Rd1 Ra4
27. Re1 Rd4 28. Re2 Kf6 29. Kb3 Ke6 30. g4 f6 31. h4 Kd7 32. g5 Rd3+ 33. Kb4 Rh3
34. Rc2 Rxh4 35. Rc4 fxg5 36. a4 g4 37. a5 Rh1 38. Kb5 g3 39. Kb6 Rb1+ 40. Ka7
g2 41. Ka8 g1=Q 42. a6 Qb6 43. Rb4 Qxa6+ 44. Kb8 Rxb4# 0-1

[Event "Polfinaly Mistrzostw Polski Juniorow 2023 C-13"]
[Site "Jastrzebia Gora"]
[Date "1899-12-30"]
[Round "7.18"]
[White "Stasik, Marceli"]
[Black "Skrzypiec, Franciszek"]
[Result "1-0"]
[WhiteTitle "II"]
[BlackTitle "II"]
[WhiteElo "1122"]
[BlackElo "1280"]

1. d4 Nf6 2. c4 g6 3. Nc3 d5 4. e3 Bg7 5. Nf3 O-O 6. Be2 Nc6 7. O-O Re8 8. a3 Bf5
9. c5 e5 10. h3 Ne4 11. Na2 a5 12. Bb5 Re6 13. g4 Ng5 14. Nxg5 Qxg5 15. e4 Qh4
16. exf5 gxf5 17. gxf5 Rf6 18. Qg4 Nxd4 19. Qxh4 Nf3+ 20. Kh1 Nxh4 21. Bg5 Rxf5
22. Bxh4 e4 23. Nc3 d4 24. Ne2 Rxc5 25. Bd7 Rd5 26. Rg1 Kh8 27. Ba4 Rh5 28. Bg3
b5 29. Bb3 Rxh3+ 30. Kg2 Rh6 31. Bxf7 Rf8 32. Bd5 e3 33. fxe3 c6 34. Ba2 dxe3
35. Bf4 Rg6+ 36. Kh1 Rgf6 37. Rxg7 Rxf4 38. Nxf4 Kxg7 39. Ne6+ 1-0

[Event "Polfinaly Mistrzostw Polski Juniorow 2023 C-13"]
[Site "Jastrzebia Gora"]
[Date "1899-12-30"]
[Round "7.21"]
[White "Chmielnicki, Michal"]
[Black "Poreba, Jan"]
[Result "1/2-1/2"]
[WhiteTitle "II"]
[BlackTitle "III"]
[WhiteElo "1116"]
[BlackElo "1057"]

1. e4 e5 2. Nf3 Nf6 3. Nxe5 d6 4. Nf3 Nxe4 5. Qe2 Qe7 6. d3 Nf6 7. Nc3 Bg4 8. Qxe7+
Bxe7 9. Be2 O-O 10. Bf4 Nc6 11. O-O Rac8 12. a3 Rfd8 13. Rfe1 d5 14. Rad1 h6 15.
Ne5 Nxe5 16. Bxe5 Bf5 17. Bf3 c6 18. Bd4 Re8 19. Bxa7 Bd6 20. Bd4 Ng4 21. h3 Ne5
22. Bxe5 Bxe5 23. Re2 Bf6 24. Rde1 Rxe2 25. Rxe2 Kf8 26. Bg4 Bxg4 27. hxg4 Bxc3
28. bxc3 Ra8 29. d4 Rxa3 30. Re3 Ra1+ 31. Kh2 Rc1 32. Re2 f6 33. Kg3 Kf7 34. Kf4
g6 35. Kf3 g5 36. Kg3 Kg6 37. f3 h5 38. gxh5+ Kxh5 39. Kh3 f5 40. Kg3 Rf1 41.
Rd2 f4+ 42. Kh2 g4 43. fxg4+ Kxg4 44. Rd3 Rf2 45. Kg1 Rxc2 46. Rh3 Re2 47. Kf1
Rc2 48. Rf3 Rb2 49. Rh3 b5 50. Rh6 f3 51. gxf3+ Kxf3 52. Rf6+ Ke4 53. Rxc6 b4
54. cxb4 Rxb4 55. Rg6 Rxd4 56. Ke2 Kf4 57. Rh6 Re4+ 58. Kd3 1/2-1/2

[Event "Polfinaly Mistrzostw Polski Juniorow 2023 C-13"]
[Site "Jastrzebia Gora"]
[Date "1899-12-30"]
[Round "8.1"]
[White "Protas, Jakub"]
[Black "Jagodzinski, Jaromir"]
[Result "0-1"]
[WhiteTitle "II"]
[BlackTitle "I"]
[WhiteElo "1392"]
[BlackElo "1527"]

1. e4 c5 2. Nf3 e6 3. b4 cxb4 4. d4 d5 5. e5 Qa5 6. Bd2 Bd7 7. Bd3 Bb5 8. Qe2 Bxd3
9. Qxd3 Qa6 10. Qxa6 Nxa6 11. a3 bxa3 12. Nxa3 Bxa3 13. Rxa3 Ne7 14. Ke2 Nc7 15.
Rb1 b6 16. Bb4 Nc6 17. Bd6 Kd7 18. Kd3 Rhc8 19. Nd2 Ne8 20. Bf8 Na5 21. Bb4 Nc4
22. Nxc4 dxc4+ 23. Kd2 a5 24. Bf8 Kc6 25. c3 g6 26. Ra2 Nc7 27. Bd6 Nd5 28. g3
b5 29. Rba1 a4 30. Rb1 Ra7 31. Rab2 Rb7 32. Ra2 f6 33. f4 Rd8 34. Rc2 Rdd7 35.
Rcb2 Rf7 36. Rf1 g5 37. Rf2 gxf4 38. gxf4 f5 39. Rb1 Rg7 40. Ra1 Rg4 41. Raf1
Rbg7 42. Bf8 R7g6 43. Rf3 Rg2+ 44. R3f2 Nxf4 45. Kd1 Rxf2 46. Rxf2 Rg1+ 47. Kd2
Rg2 48. Rxg2 Nxg2 49. Ke2 Nf4+ 50. Ke3 Nd5+ 51. Kd2 f4 52. Ba3 f3 53. Bb2 f2 54.
Ke2 Ne3 0-1

[Event "Polfinaly Mistrzostw Polski Juniorow 2023 C-13"]
[Site "Jastrzebia Gora"]
[Date "1899-12-30"]
[Round "8.2"]
[White "Uhryn, Lukasz"]
[Black "Iwan, Patryk"]
[Result "1-0"]
[WhiteTitle "I"]
[BlackTitle "II+"]
[WhiteElo "1435"]
[BlackElo "1466"]

1. e4 c5 2. Nf3 Nc6 3. d4 cxd4 4. Nxd4 g6 5. Nc3 Bg7 6. Be3 Nf6 7. Nb3 d6 8. f3
Bd7 9. Qd2 Rc8 10. O-O-O O-O 11. Kb1 a6 12. g4 Ne5 13. Be2 b5 14. h4 Be6 15. h5
Bc4 16. hxg6 fxg6 17. Bh6 Rf7 18. Bxg7 Rxg7 19. g5 Nh5 20. f4 Bxe2 21. Nxe2 Nc4
22. Qd3 e6 23. Nbd4 Qe7 24. f5 exf5 25. exf5 Qe3 26. Ne6 Qxd3 27. cxd3 Ne3 28.
Nxg7 Nxg7 29. Rc1 Rc5 30. Rxc5 dxc5 31. fxg6 hxg6 32. Nf4 c4 33. dxc4 Nxc4 34.
Rh6 Ne5 35. Rh1 Kf7 36. Rc1 Nc4 37. b3 Nd2+ 38. Kb2 Ne4 39. Rc7+ Kg8 40. Nxg6
Nxg5 41. Ra7 N7e6 42. Rxa6 Nc7 43. Rc6 Nge6 44. Nf4 Nxf4 45. Rxc7 Ne6 46. Rb7
Nd4 47. Kc3 Ne2+ 48. Kb4 Nd4 49. Rxb5 1-0

[Event "Polfinaly Mistrzostw Polski Juniorow 2023 C-13"]
[Site "Jastrzebia Gora"]
[Date "1899-12-30"]
[Round "8.3"]
[White "Oles, Mateusz"]
[Black "Rajlich, Vaclav"]
[Result "1-0"]
[WhiteTitle "II+"]
[BlackTitle "I"]
[WhiteElo "1549"]
[BlackElo "1539"]

1. e4 c5 2. Nf3 g6 3. d4 cxd4 4. Nxd4 Nc6 5. c4 Bg7 6. Be3 Nf6 7. Nc3 O-O 8. Be2
d6 9. O-O Bd7 10. f3 Nxd4 11. Bxd4 a5 12. Qd2 Bc6 13. Rfd1 Nd7 14. Rac1 Bxd4+
15. Qxd4 Nc5 16. Kh1 Qd7 17. Rd2 Rfd8 18. Rcd1 Qe6 19. Nd5 Bxd5 20. Qxd5 Qxd5
21. Rxd5 Ne6 22. g3 b6 23. f4 Nc5 24. e5 Ne4 25. Kg2 f5 26. Bf3 Rac8 27. Bxe4
fxe4 28. R1d4 Kf7 29. exd6 Rxd6 30. Rxd6 exd6 31. Kf2 b5 32. b3 bxc4 33. bxc4
Rc5 34. Ke3 Ke6 35. Rxe4+ Kf5 36. h3 h5 37. Kd3 Rc7 38. Rd4 Re7 39. Rd5+ Kf6 40.
Rxd6+ Kg7 41. Rd5 Re1 42. Rxa5 Rg1 43. Rg5 Ra1 44. f5 Kf6 45. Rxg6+ Kxf5 46. Ra6
Rg1 47. Ra5+ Kg6 48. Ra6+ Kf5 49. g4+ hxg4 50. hxg4+ Rxg4 51. Kc3 Ke5 52. Kb4
Kd4 53. Rd6+ Ke5 54. Rd2 Rg8 55. a4 Rb8+ 56. Kc3 Rb1 57. c5 Ra1 58. Kb4 Rb1+ 59.
Ka5 Rc1 60. Kb6 Rb1+ 61. Kc7 Ke6 62. c6 Ra1 63. Kd8 Rf1 64. Kc8 Rf4 65. a5 Rf7
66. c7 1-0

[Event "Polfinaly Mistrzostw Polski Juniorow 2023 C-13"]
[Site "Jastrzebia Gora"]
[Date "1899-12-30"]
[Round "8.4"]
[White "Staniczek, Kacper"]
[Black "Dobrowolski, Kamil"]
[Result "1/2-1/2"]
[WhiteTitle "I"]
[BlackTitle "II+"]
[WhiteElo "1504"]
[BlackElo "1628"]

1. e4 c5 2. Nf3 d6 3. d4 cxd4 4. Nxd4 Nf6 5. Nc3 a6 6. Be2 e5 7. Nb3 Be7 8. Bg5
Be6 9. Bxf6 Bxf6 10. Qd3 O-O 11. O-O-O Be7 12. Nd5 Bxd5 13. Qxd5 Qc7 14. Kb1 Nd7
15. Qd3 b5 16. Bg4 Nf6 17. Bf3 Rfb8 18. g4 a5 19. h4 a4 20. Nd2 Nd7 21. g5 a3
22. b3 Nc5 23. Qc3 Ne6 24. Qxc7 Nxc7 25. c3 Ne6 26. Bg4 Nf4 27. Nf1 Ra7 28. Ne3
g6 29. Nd5 Nxd5 30. Rxd5 Rc7 31. Kc2 Rb6 32. Rh3 Kg7 33. Be2 Rcb7 34. Rf3 1/2-1/2

[Event "Polfinaly Mistrzostw Polski Juniorow 2023 C-13"]
[Site "Jastrzebia Gora"]
[Date "1899-12-30"]
[Round "8.5"]
[White "Kaszuba, Michal"]
[Black "Seemann, Adam"]
[Result "1-0"]
[WhiteTitle "II+"]
[BlackTitle "II"]
[WhiteElo "1536"]
[BlackElo "1501"]

1. Nf3 Nf6 2. g3 g6 3. Bg2 Bg7 4. O-O O-O 5. d4 d6 6. c4 Nbd7 7. Nc3 e5 8. dxe5
dxe5 9. Qc2 Qe7 10. e4 c6 11. Rd1 Re8 12. h3 Nc5 13. Be3 h6 14. b4 Ne6 15. a3
c5 16. Nd5 Nxd5 17. cxd5 Nd4 18. Qxc5 Nxf3+ 19. Bxf3 Bxh3 20. Qxe7 Rxe7 21. Bc5
Ree8 22. g4 f5 23. gxf5 gxf5 24. Kh2 Bg4 25. Bxg4 fxg4 26. d6 Red8 27. d7 Bf8
28. Rd5 b6 29. Bxf8 Kxf8 30. Rad1 a5 31. b5 Ra7 32. Kg3 Kf7 33. Kxg4 Ke6 34. Rd6+
Ke7 35. Rxh6 Rdxd7 36. Rxd7+ Rxd7 37. Rh7+ Kd6 38. Rxd7+ Kxd7 39. Kf5 Kd6 40.
a4 Kc5 41. Kxe5 Kb4 42. f4 Kxa4 43. f5 Kb3 44. f6 a4 45. f7 a3 46. f8=Q a2 47.
Qf1 Kb2 48. Kd5 a1=Q 49. Qxa1+ Kxa1 50. e5 Kb2 51. e6 Kb3 52. e7 Ka4 53. e8=Q
Ka5 54. Kc4 1-0

[Event "Polfinaly Mistrzostw Polski Juniorow 2023 C-13"]
[Site "Jastrzebia Gora"]
[Date "1899-12-30"]
[Round "8.6"]
[White "Boguszewski, Kacper"]
[Black "Burszczan, Piotr"]
[Result "1-0"]
[WhiteTitle "II"]
[BlackTitle "II"]
[WhiteElo "1211"]
[BlackElo "1316"]

1. e4 e5 2. Nf3 Nc6 3. Bc4 Bc5 4. O-O Nf6 5. d4 Bxd4 6. Nxd4 Nxd4 7. Bg5 d6 8.
f4 Nc6 9. Nc3 Be6 10. Nd5 Bxd5 11. exd5 Na5 12. Bb5+ c6 13. dxc6 bxc6 14. Ba4
Qb6+ 15. Kh1 Ne4 16. Qd5 Nxg5 17. fxg5 Qc7 18. b4 O-O 19. Qxa5 Qxa5 20. bxa5 Rac8
21. Rab1 Rc7 22. Rb3 Re8 23. Rc3 Rec8 24. Rb1 d5 25. Rxc6 g6 26. Rxc7 Rxc7 27.
Rb5 Rc4 28. Bb3 Re4 29. h3 Re1+ 30. Kh2 d4 31. Rb7 e4 32. Rxf7 Kh8 33. Rf8+ 1-0

[Event "Polfinaly Mistrzostw Polski Juniorow 2023 C-13"]
[Site "Jastrzebia Gora"]
[Date "1899-12-30"]
[Round "8.7"]
[White "Lesik, Sebastian"]
[Black "Mielcuch, Karol"]
[Result "1/2-1/2"]
[WhiteTitle "II"]
[BlackTitle "II+"]
[WhiteElo "1447"]
[BlackElo "1479"]

1. d4 Nf6 2. c4 e6 3. Nc3 Bb4 4. Qc2 O-O 5. a3 Bxc3+ 6. Qxc3 b6 7. Bg5 d6 8. Nf3
Nbd7 9. e3 Bb7 10. Bd3 Qc8 11. Qc2 Re8 12. O-O e5 13. dxe5 dxe5 14. e4 h6 15.
Bh4 Nh5 16. b4 c5 17. Rfd1 Qc6 18. b5 Qg6 19. Ne1 Nf4 20. f3 Nf8 21. Qd2 N8e6
22. Nc2 Ng5 23. Bxg5 Qxg5 24. Ne3 Rad8 25. Nd5 Bxd5 26. cxd5 Rd6 27. a4 Rg6 28.
Ra2 Qh4 29. Bf1 Qf6 30. Kh1 Rd8 31. a5 Qd6 32. axb6 axb6 33. Qc3 Ne6 34. Rda1
Nd4 35. Ra8 Kh7 36. Rxd8 Qxd8 37. Ra7 Qf6 38. Rd7 h5 39. Qe3 h4 40. Be2 Qf4 41.
Qxf4 exf4 42. Bf1 h3 43. Rxf7 hxg2+ 44. Bxg2 Nxb5 45. Rxf4 Nc3 46. e5 Nxd5 47.
Rh4+ Kg8 48. f4 Ne3 49. Be4 Rh6 50. Rxh6 gxh6 51. Kg1 Kf7 52. Kf2 Nd1+ 1/2-1/2

[Event "Polfinaly Mistrzostw Polski Juniorow 2023 C-13"]
[Site "Jastrzebia Gora"]
[Date "1899-12-30"]
[Round "8.8"]
[White "Rabenda, Piotr"]
[Black "Krogulski, Maksymilian"]
[Result "1/2-1/2"]
[WhiteTitle "II+"]
[BlackTitle "I"]
[WhiteElo "1468"]
[BlackElo "1441"]

1. d4 d5 2. c4 c6 3. Nf3 Nf6 4. e3 Bf5 5. Nc3 e6 6. Nh4 Be4 7. f3 Bg6 8. Qb3 Qc7
9. Nxg6 hxg6 10. Bd2 Bd6 11. f4 Ng4 12. h3 Nd7 13. Be2 Ngf6 14. c5 Be7 15. g4
b6 16. cxb6 axb6 17. Rc1 c5 18. Bf3 c4 19. Qc2 Bb4 20. a3 Bxc3 21. Bxc3 b5 22.
Kf2 Qc6 23. Kg2 Nb6 24. Bb4 Nfd7 25. Rhe1 f5 26. g5 Kf7 27. Rh1 Nb8 28. h4 Na6
29. Qd2 Rh7 30. Kg3 Nc7 31. Rh2 1/2-1/2

[Event "Polfinaly Mistrzostw Polski Juniorow 2023 C-13"]
[Site "Jastrzebia Gora"]
[Date "1899-12-30"]
[Round "8.9"]
[White "Goralski, Mateusz"]
[Black "Wozniak, Bartosz"]
[Result "1-0"]
[WhiteTitle "II"]
[BlackTitle "II"]
[WhiteElo "1354"]
[BlackElo "1121"]

1. Nf3 d5 2. g3 Nf6 3. Bg2 c5 4. O-O Nc6 5. d3 g6 6. Nbd2 Bg7 7. e4 O-O 8. a4 h6
9. Re1 e6 10. c3 d4 11. c4 Nb4 12. Nf1 Qe7 13. e5 Nd7 14. h4 Nc6 15. Bf4 f6 16.
exf6 Rxf6 17. N1h2 Qf7 18. Bd2 h5 19. Bg5 Rf5 20. Bh3 Re5 21. Nxe5 Ndxe5 22. f4
Ng4 23. Nxg4 hxg4 24. Bxg4 e5 25. Bxc8 Rxc8 26. Qg4 Rf8 27. Re2 e4 28. Rxe4 Nb4
29. Rd1 Nc2 30. Qe6 Qxe6 31. Rxe6 Ne3 32. Rd2 Rf7 33. Rxg6 Kh7 34. Re6 Nf5 35.
Kf2 Ne3 36. Re7 Rf5 37. Rxb7 Ng4+ 38. Kf3 Nh2+ 39. Rxh2 1-0

[Event "Polfinaly Mistrzostw Polski Juniorow 2023 C-13"]
[Site "Jastrzebia Gora"]
[Date "1899-12-30"]
[Round "8.11"]
[White "Hlubek, Tymoteusz"]
[Black "Raszkiewicz, Wiktor"]
[Result "1-0"]
[WhiteTitle "II+"]
[BlackTitle "II"]
[WhiteElo "1207"]
[BlackElo "1335"]

1. f4 d5 2. Nf3 g6 3. e3 Bg7 4. d4 Nf6 5. Bd3 O-O 6. O-O c5 7. c3 Nc6 8. Nbd2 Qc7
9. Ne5 c4 10. Bc2 Ne8 11. e4 f6 12. Nxc6 bxc6 13. e5 f5 14. Nf3 e6 15. Be3 Kh8
16. h3 Rg8 17. Nh2 Rb8 18. Rb1 Bf8 19. Qd2 c5 20. Nf3 Bd7 21. Kh1 Qa5 22. a3 Nc7
23. Rg1 cxd4 24. Nxd4 Bc5 25. g4 Nb5 26. gxf5 Bxd4 27. Bxd4 Nxd4 28. Qxd4 gxf5
29. Bxf5 Rxg1+ 30. Rxg1 Rxb2 31. Bxe6 Bxe6 32. f5 Qb6 33. Qg4 Qc7 34. Qg5 Rb8
35. Qf6+ 1-0

[Event "Polfinaly Mistrzostw Polski Juniorow 2023 C-13"]
[Site "Jastrzebia Gora"]
[Date "1899-12-30"]
[Round "8.12"]
[White "Baranowski, Jan"]
[Black "Malecki, Patryk"]
[Result "1/2-1/2"]
[WhiteTitle "II"]
[BlackTitle "II"]
[WhiteElo "1275"]
[BlackElo "1152"]

1. e4 c6 2. d4 d5 3. exd5 cxd5 4. Bd3 Nf6 5. c3 Bg4 6. Ne2 e6 7. h3 Bh5 8. Qa4+
Nc6 9. Nf4 Bg6 10. Nxg6 hxg6 11. Bf4 Bd6 12. Bxd6 Qxd6 13. Nd2 O-O 14. O-O Rac8
15. Qd1 Na5 16. Nf3 Nd7 17. Re1 Nc4 18. Bxc4 dxc4 19. Ne5 Nxe5 20. dxe5 Qb6 21.
Qc2 Rfd8 22. Rad1 Qb5 23. Rd2 Qa5 24. a3 Qb5 25. f4 Qb6+ 26. Kh2 Rxd2 27. Qxd2
Rd8 28. Qe2 Rd3 29. Rc1 Qb5 30. Rc2 Qd5 31. Kg1 f6 32. Kh2 Kf7 33. Qf2 b6 34.
Re2 f5 35. h4 Qd8 36. g3 Qd5 37. Qg2 Qxg2+ 38. Kxg2 Ke7 39. Kf2 Kd7 40. Re3 Rd2+
41. Re2 Rxe2+ 42. Kxe2 Kc6 43. Kf3 Kd5 44. g4 b5 45. h5 gxh5 46. gxf5 exf5 47.
Kg3 g5 48. fxg5 Kxe5 49. Kh4 f4 50. g6 1/2-1/2

[Event "Polfinaly Mistrzostw Polski Juniorow 2023 C-13"]
[Site "Jastrzebia Gora"]
[Date "1899-12-30"]
[Round "8.13"]
[White "Kucinski, Jan"]
[Black "Szymczyk, Jan"]
[Result "0-1"]
[WhiteTitle "II"]
[BlackTitle "II"]
[WhiteElo "1230"]
[BlackElo "1201"]

1. e4 c6 2. d4 d5 3. Nc3 dxe4 4. Nxe4 Nf6 5. Nxf6+ exf6 6. Be3 Bf5 7. Qd2 Bd6 8.
O-O-O Nd7 9. d5 c5 10. f4 O-O 11. Be2 a6 12. Bf3 Nb6 13. Ne2 Nc4 14. Qc3 b5 15.
Bf2 Qc7 16. g3 Rfe8 17. Kb1 Be4 18. Bxe4 Rxe4 19. Qf3 Rae8 20. Nc3 R4e7 21. h3
Qa5 22. b3 Na3+ 23. Kb2 b4 24. Nb1 Re2 25. Nxa3 Qxa3+ 26. Kb1 c4 27. Bd4 c3 28.
Bxc3 R8e3 29. Bxb4 Bxb4 30. Qg4 Rxc2 0-1

[Event "Polfinaly Mistrzostw Polski Juniorow 2023 C-13"]
[Site "Jastrzebia Gora"]
[Date "1899-12-30"]
[Round "8.15"]
[White "Michalczyk, Kajetan"]
[Black "Malas, Maksymilian"]
[Result "0-1"]
[WhiteTitle "II"]
[BlackTitle "II"]
[WhiteElo "1168"]
[BlackElo "1283"]

1. e4 c5 2. Nf3 d6 3. Bb5+ Bd7 4. Bxd7+ Qxd7 5. c4 Nc6 6. Nc3 e5 7. d3 Be7 8. O-O
Nf6 9. Bd2 O-O 10. Ne1 b6 11. f4 Nd4 12. Nf3 Rad8 13. Nxd4 cxd4 14. Ne2 Rb8 15.
a4 a6 16. b4 b5 17. cxb5 axb5 18. a5 Rfc8 19. Qb3 Rb7 20. Kh1 Bd8 21. Ng1 Rbc7
22. Rac1 exf4 23. Rxc7 Rxc7 24. Nf3 d5 25. exd5 Nxd5 26. Nxd4 Bg5 27. Nf3 Bh6
28. Re1 Ne3 29. Rc1 Rxc1+ 30. Bxc1 g6 31. h3 Qc6 32. Bb2 Bg7 33. Bxg7 Qc1+ 34.
Ng1 Qd2 35. Nf3 0-1

[Event "Polfinaly Mistrzostw Polski Juniorow 2023 C-13"]
[Site "Jastrzebia Gora"]
[Date "1899-12-30"]
[Round "8.16"]
[White "Dunalski, Szymon"]
[Black "Stasik, Marceli"]
[Result "1/2-1/2"]
[WhiteTitle "II"]
[BlackTitle "II"]
[WhiteElo "1279"]
[BlackElo "1122"]

1. e4 c5 2. Nf3 e6 3. d4 cxd4 4. Nxd4 Nf6 5. Nc3 Nc6 6. Nxc6 bxc6 7. Bd3 Bb4 8.
Bd2 O-O 9. O-O Qc7 10. h3 Rb8 11. Rb1 d5 12. exd5 cxd5 13. Nb5 Qa5 14. Bxb4 Qxb4
15. Nc3 Bd7 16. Re1 Rfe8 17. a3 Qf4 18. Be2 Rec8 19. Bf3 Rb6 20. Qd3 Rcb8 21.
b3 Rc8 22. Rec1 Qd6 23. a4 Qb4 24. Na2 Qc5 25. b4 Qc4 26. Qxc4 Rxc4 27. a5 Rb8
28. c3 Ba4 29. Be2 Rc7 30. f3 Bb5 31. Bxb5 Rxb5 32. Rb2 Nd7 33. Re2 Rb8 34. g4
a6 35. h4 Rbc8 36. Ree1 Rc4 37. Kg2 Kf8 38. Kg3 Ke7 39. f4 g6 40. g5 Nb8 41. Rcd1
Kf8 42. Re3 Nc6 43. Red3 Nd8 44. Rd4 Rxd4 45. Rxd4 Nb7 46. Rd1 Nd6 47. Rc1 Ke7
48. Kg4 f5+ 49. Kf3 Ne4 50. Rc2 Kd6 51. Rc1 Rc7 52. Ke3 Rc8 53. Kd4 Rc4+ 54. Ke3
Rc7 55. Kd4 Nd2 56. Ke3 Ne4 1/2-1/2